Dari hal padjak / (Record no. 76234)

MARC details
000 -LEADER
fixed length control field 00559cam a22002051i 4500
001 - CONTROL NUMBER
control field sa 67006916
003 - CONTROL NUMBER IDENTIFIER
control field DLC
005 - DATE AND TIME OF LATEST TRANSACTION
control field 20260227112411.0
008 - FIXED-LENGTH DATA ELEMENTS--GENERAL INFORMATION
fixed length control field 900307s1953 io ak 000 0 ind
010 ## - LIBRARY OF CONGRESS CONTROL NUMBER
LC control number sa 67006916
035 ## - SYSTEM CONTROL NUMBER
System control number (OCoLC)21184249
040 ## - CATALOGING SOURCE
Original cataloging agency DLC
Transcribing agency MH-L
Modifying agency WU
-- DLC
042 ## - AUTHENTICATION CODE
Authentication code premarc
050 00 - LIBRARY OF CONGRESS CALL NUMBER
Classification number HJ2943
Item number .N3
100 1# - MAIN ENTRY--PERSONAL NAME
Personal name Naboda, R.
245 00 - TITLE STATEMENT
Title Dari hal padjak /
Statement of responsibility, etc. oleh R. Naboda.
260 ## - PUBLICATION, DISTRIBUTION, ETC.
Place of publication, distribution, etc. Djakarta :
Name of publisher, distributor, etc. Balai pustaka,
Date of publication, distribution, etc. 1953.
300 ## - PHYSICAL DESCRIPTION
Extent 32 p. :
Other physical details ill., form. ;
Dimensions 19 cm.
650 #0 - SUBJECT ADDED ENTRY--TOPICAL TERM
Topical term or geographic name entry element Taxation
Geographic subdivision Indonesia
Form subdivision Juvenile literature.

No items available.

Powered by Koha